00371pab a2200133 454500008004000000100002100040245005600061260000900117300001300126362001100139650003700150650002100187773002900208180718b1996 xxu||||| |||| 00| 0 eng d aHambleton, Robin aReinventing local government - lessons from the USA c1996 ap.93-112 aSpring aLocal government - United States aLocal government aLocal Government Studies